|
|
|
|
| LEADER |
02750cam a2200409Ka 4500 |
| 001 |
ocn664148151 |
| 003 |
OCoLC |
| 005 |
20100917015550.0 |
| 006 |
m d |
| 007 |
cr un||||||||| |
| 008 |
100915s2000 ctua ob 000 0 eng d |
| 020 |
|
|
|a 9781849500586 (electronic bk.) :
|c £70.95 ; € 102.95 ; $131.95
|
| 020 |
|
|
|a 1849500584 (electronic bk.) :
|c £70.95 ; € 102.95 ; $131.95
|
| 020 |
|
|
|z 0762306718 (hbk.)
|
| 020 |
|
|
|z 9780762306718 (hbk.)
|
| 040 |
|
|
|a ZJC
|b eng
|c ZJC
|d ZJC
|d GrThAP
|
| 050 |
1 |
4 |
|a RA790.A1
|b R48 v.11
|
| 072 |
|
7 |
|a MBP
|2 bicssc
|
| 072 |
|
7 |
|a PSY007000
|2 bisacsh
|
| 080 |
|
|
|a 364.6
|
| 082 |
0 |
4 |
|a 362.20420973
|2 21
|
| 245 |
0 |
0 |
|a Social factors in mental health and illness
|h [electronic resource] /
|c edited by Joseph P. Morrissey.
|
| 260 |
|
|
|a Stamford, Conn. :
|b JAI,
|c c2000.
|
| 300 |
|
|
|a 1 online resource (viii, 203 p.) :
|b ill.
|
| 490 |
1 |
|
|a Research in community and mental health,
|x 0192-0812 ;
|v v. 11
|
| 504 |
|
|
|a Includes bibliographical references.
|
| 505 |
0 |
|
|a Binding and nonbinding integration : the relational costs and rewards of social ties on mental health / Mitch Berbrier and Aileen Schulte -- Understanding depression care in the HMO outpatient setting : what predicts key events on the pathway to care / Diana Shye, Donald K. Freeborn, and John P. Mullooly -- Social relationships and psychiatric help-seeking / Anthony C. Kouzis, Daniel E. Ford, and William W. Eaton -- A review of empirical studies of interventions for families of persons with mental illness / David E. Biegel, Elizabeth A.R. Robinson, and Marilyn J. Kennedy -- The contingent rationality of housing preferences : homeless mentally ill persons' housing choices before and after housing experience / Russell K. Schutt and Stephen M. Goldfinger -- Race, role responsibility, and relationship : understanding the experience of caring for the severely mentally ill / Maxine Seaborn Thompson, Linda K. George, Marvin Swartz, Barbara J. Burns, Jeffery W. Swanson -- Strategies for evaluating public sector managed care using administrative data / Neil M. Thakur, Joseph P. Morrissey, William H. Sledge, Mark Schlesinger.
|
| 588 |
|
|
|a Description based on print version record.
|
| 650 |
|
0 |
|a Mental health
|x Social aspects.
|
| 650 |
|
0 |
|a Mental illness
|x Social aspects.
|
| 650 |
|
7 |
|a Health systems & services.
|2 bicssc
|
| 650 |
|
7 |
|a Psychology
|x Clinical Psychology.
|2 bisacsh
|
| 700 |
1 |
|
|a Morrissey, Joseph P.
|
| 776 |
0 |
8 |
|i Print version:
|t Social factors in mental health and illness.
|d Stamford, Conn. : JAI, c2000
|z 0762306718
|w (OCoLC)45225799
|
| 830 |
|
0 |
|a Research in community and mental health ;
|v v. 11.
|
| 856 |
4 |
0 |
|u http://www.emeraldinsight.com/0192-0812/11
|z Full Text via HEAL-Link
|
| 913 |
|
|
|1 SSbacklist
|